Puolueiden puheenjohtajat-kuvavisa - Statistics

Yleistilastot
  • Tätä visaa on pelattu 142 kertaa
    124 viimeisimmän päivityksen jälkeen
  • Keskiarvotulos 9 / 9
Vastaustilastot
Kuvavisa Hint Vastaus % Oikein
Sanna Marin SDP
100%
Petteri Orpo Kokoomus
99%
Riikka Purra Perussuomalaiset
98%
Maria Ohisalo Vihreät
98%
Annika Saarikko Keskusta
97%
Hjallis Harkimo Liike Nyt
95%
Li Andersson Vasemmistoliitto
95%
Anna-Maja Henriksson RKP
94%
Sari Essayah Kristillisdemokraatit
92%
Ehtoja vastaavia visoja ei löytynyt
Tulosjakauma
Jokaisen tuloksen saaneiden osuus
Persentiili vastausten määrän mukaan
Tuloshistoriasi
Et ole pelannut tätä visaa sen viimeisimmän päivityksen jälkeen